000 00685nam a2200253Ia 4500
003 GCL
008 140319s9999 xx 000 0 ara d
040 _aGCL /
_cGCL
082 0 4 _a189
_bع ف
100 1 _aعلى ابوملحم
245 1 0 _aالفلسفةالعربية: مشكلاات وحلول /
_cعلى ابوملحم
300 _a317 ص
490 _a
650 0 4 _aالفلسفة الاسلامية
650 0 4 _aعلم النفس
650 0 4 _aالاخلاق
650 0 4 _aاللاهوت
650 0 4 _aالمعرفة
650 0 4 _aالنبوات
650 0 4 _aالكون
650 0 4 _aالشريعة
650 0 4 _aاللاهوت - علم
942 _2ddc
_cBK
999 _c39122
_d39122